000 01473nam a2200373Ia 4500
001 ebr10597417
003 CaPaEBR
006 m u
007 cr cn|||||||||
008 040309s2004 gw sb 001 0 eng d
010 _z 2004005300
020 _z3110180014 (pbk. : alk. paper)
020 _z9783110180015
020 _z9783110902440
040 _aCaPaEBR
_cCaPaEBR
035 _a(OCoLC)811407651
050 1 4 _aP158
_b.C49 2004eb
082 0 4 _a415/.0182
_222
100 1 _aChomsky, Noam.
245 1 4 _aThe generative enterprise revisited
_h[electronic resource] :
_bdiscussions with Riny Huybregts, Henk van Riemsdijk, Naoki Fukui, and Mihoko Zushi, with a new foreword by Noam Chomsky /
_cNoam Chomsky.
260 _aBerlin ;
_aNew York :
_bMouton de Gruyter,
_cc2004.
300 _axvi, 211 p.
504 _aIncludes bibliographical references (p. [189]-198) and index.
533 _aElectronic reproduction.
_bPalo Alto, Calif. :
_cebrary,
_d2011.
_nAvailable via World Wide Web.
_nAccess may be limited to ebrary affiliated libraries.
650 0 _aGenerative grammar.
650 0 _aLinguistics.
655 7 _aElectronic books.
_2local
700 1 _aHuybregts, Riny.
700 1 _aRiemsdijk, Henk C. van.
700 1 _aFukui, Naoki.
700 1 _aZushi, Mihoko,
_d1964-
710 2 _aebrary, Inc.
856 4 0 _uhttp://site.ebrary.com/lib/rucke/Doc?id=10597417
_zAn electronic book accessible through the World Wide Web; click to view
999 _c109256
_d109256